<?xml version="1.0" encoding="UTF-8"?>
<record
    xmlns:xsi="http://www.w3.org/2001/XMLSchema-instance"
    xsi:schemaLocation="http://www.loc.gov/MARC21/slim http://www.loc.gov/standards/marcxml/schema/MARC21slim.xsd"
    xmlns="http://www.loc.gov/MARC21/slim">

  <leader>00773nam a2200181Ia 4500</leader>
  <controlfield tag="008">090122s9999    xx            000 0 und d</controlfield>
  <datafield tag="082" ind1=" " ind2=" ">
    <subfield code="b">13969</subfield>
    <subfield code="a">133.5</subfield>
  </datafield>
  <datafield tag="100" ind1=" " ind2=" ">
    <subfield code="a">&#x915;&#x941;&#x932;&#x915;&#x930;&#x94D;&#x923;&#x940;</subfield>
    <subfield code="b">&#x936;&#x93E;&#x938;&#x94D;&#x924;&#x94D;&#x930;&#x940;</subfield>
  </datafield>
  <datafield tag="245" ind1=" " ind2=" ">
    <subfield code="a">&#x938;&#x917;&#x94D;&#x930;&#x939;&#x92E;&#x915; (&#x935;&#x947;&#x926;&#x94B;&#x915;&#x94D;&#x924; &#x935;&#x93E;&#x938;&#x94D;&#x924;&#x941;&#x936;&#x93E;&#x902;&#x924;&#x940; &#x92A;&#x94D;&#x930;&#x92F;&#x94B;&#x917;)</subfield>
  </datafield>
  <datafield tag="260" ind1=" " ind2=" ">
    <subfield code="b">&#x92E;&#x940;&#x928;&#x932;</subfield>
    <subfield code="c">2004</subfield>
  </datafield>
  <datafield tag="300" ind1=" " ind2=" ">
    <subfield code="a">107</subfield>
  </datafield>
  <datafield tag="501" ind1=" " ind2=" ">
    <subfield code="a">&#x926;&#x947;&#x923;&#x917;&#x940; - &#x926;. &#x92E;&#x93E;. &#x927;&#x93E;&#x92E;&#x923;&#x915;&#x930;</subfield>
  </datafield>
  <datafield tag="600" ind1=" " ind2=" ">
    <subfield code="a">&#x915;&#x941;&#x932;&#x915;&#x930;&#x94D;&#x923;&#x940;</subfield>
  </datafield>
  <datafield tag="630" ind1=" " ind2=" ">
    <subfield code="a">&#x938;&#x917;&#x94D;&#x930;&#x939;&#x92E;&#x915; (&#x935;&#x947;&#x926;&#x94B;&#x915;&#x94D;&#x924; &#x935;&#x93E;&#x938;&#x94D;&#x924;&#x941;&#x936;&#x93E;&#x902;&#x924;&#x940; &#x92A;&#x94D;&#x930;&#x92F;&#x94B;&#x917;)</subfield>
  </datafield>
  <datafield tag="700" ind1=" " ind2=" ">
    <subfield code="a">&#x915;&#x941;&#x932;&#x915;&#x930;&#x94D;&#x923;&#x940;</subfield>
  </datafield>
  <datafield tag="730" ind1=" " ind2=" ">
    <subfield code="a">&#x938;&#x917;&#x94D;&#x930;&#x939;&#x92E;&#x915; (&#x935;&#x947;&#x926;&#x94B;&#x915;&#x94D;&#x924; &#x935;&#x93E;&#x938;&#x94D;&#x924;&#x941;&#x936;&#x93E;&#x902;&#x924;&#x940; &#x92A;&#x94D;&#x930;&#x92F;&#x94B;&#x917;)</subfield>
  </datafield>
  <datafield tag="942" ind1=" " ind2=" ">
    <subfield code="c">BOOK</subfield>
  </datafield>
  <datafield tag="999" ind1=" " ind2=" ">
    <subfield code="c">38046</subfield>
    <subfield code="d">38046</subfield>
  </datafield>
  <datafield tag="952" ind1=" " ind2=" ">
    <subfield code="0">0</subfield>
    <subfield code="1">0</subfield>
    <subfield code="4">0</subfield>
    <subfield code="7">0</subfield>
    <subfield code="a">DOMGRANTH</subfield>
    <subfield code="b">DOMGRANTH</subfield>
    <subfield code="d">2009-01-22</subfield>
    <subfield code="e">&#x926;&#x947;&#x923;&#x917;&#x940; - &#x926;. &#x92E;&#x93E;. &#x927;&#x93E;&#x92E;&#x923;&#x915;&#x930;</subfield>
    <subfield code="g">40.00</subfield>
    <subfield code="l">0</subfield>
    <subfield code="o">13969</subfield>
    <subfield code="p">DOM-13969</subfield>
    <subfield code="r">2009-01-22 00:00:00</subfield>
    <subfield code="t">1</subfield>
    <subfield code="v">40.00</subfield>
    <subfield code="w">2009-01-22</subfield>
    <subfield code="y">BOOK</subfield>
  </datafield>
</record>
